| 000 | 00422cam a2200169ua 4500 | ||
|---|---|---|---|
| 020 | _c2.25 | ||
| 041 |
_aeng _h |
||
| 082 |
_a294.5921 _bBHA/PU |
||
| 100 | _aPusalker, A.D . | ||
| 245 |
_aStudies in the epics and puranas / _cA.D.Pusalker. _hTextual Documents |
||
| 260 |
_aMumbai : _bBharatiya Vidya Bhavan , _c1963. |
||
| 300 | _a234 ; . | ||
| 365 | _a2.25 | ||
| 504 | _a | ||
| 942 | _cBK | ||
| 999 |
_c1629 _d1629 |
||